000 00304nam a22001337a 4500
008 181106b xxu||||| |||| 00| 0 eng d
020 _a9780470052372
041 _aeng
080 _a336
100 _a52
101 _aMAN
245 _aThe One Page Project Mnager
_cCampbel.C.A
942 _2udc
_cBK
999 _c51948
_d51948